MARC details
| 000 -LEADER |
| fixed length control field |
02000nam a2200325 a 4500 |
| 003 - CONTROL NUMBER IDENTIFIER |
| control field |
CBULib |
| 005 - DATE AND TIME OF LATEST TRANSACTION |
| control field |
20250221094501.0 |
| 008 - FIXED-LENGTH DATA ELEMENTS--GENERAL INFORMATION |
| fixed length control field |
161102s2013 ||||||||||||||||| || u |
| 020 ## - INTERNATIONAL STANDARD BOOK NUMBER |
| International Standard Book Number |
9780230761360 |
| 040 ## - CATALOGING SOURCE |
| Language of cataloging |
English |
| Transcribing agency |
CBULib |
| Description conventions |
rda |
| 050 ## - LIBRARY OF CONGRESS CALL NUMBER |
| Classification number |
HD 31 Gov |
| 100 ## - MAIN ENTRY--PERSONAL NAME |
| Personal name |
Govindarajan, Vijay |
| 9 (RLIN) |
4429 |
| Relator term |
author |
| 245 11 - TITLE STATEMENT |
| Title |
How Stella saved the farm : a tale about making innovation happen |
| Statement of responsibility, etc |
/ by Vijay Govindarajan and Chris Trimble ; illustrated by Keny Widjaja. |
| 260 ## - PUBLICATION, DISTRIBUTION, ETC. (IMPRINT) |
| Place of publication, distribution, etc |
New York : |
| Name of publisher, distributor, etc |
Macmillan, |
| Date of publication, distribution, etc |
2013 |
| 300 ## - PHYSICAL DESCRIPTION |
| Extent |
160 pages : illusterations |
| 336 ## - CONTENT TYPE |
| Source |
rdacontent |
| Content type term |
Text | |
| Content type code |
txt |
| 337 ## - MEDIA TYPE |
| Source |
rdamedia |
| Media type term |
Unmediated | |
| Media type code |
n |
| 338 ## - CARRIER TYPE |
| Source |
rdacarrier |
| Carrier type term |
Volume |
| Carrier type code |
nc |
| 500 ## - GENERAL NOTE |
| General note |
Inspired by George Orwell's Animal Farm and the international bestseller Our Iceberg is Melting, How Stella Saved the Farm is a simple parable about embracing change and managing innovation in difficult times. Bankruptcy, or the grim prospect of being acquired by a hostile human competitor, threatens Windsor Farm. But when a young sheep called Stella comes up with a bold idea, will the other animals be able to respond to her ambitious call to action? Grounded in over a decade of academic research, How Stella Saved the Farm will resonate for organizations of all types, from global corporations to small companies looking to embrace change. With eight simple lessons to guide new initiatives to success, it prepares readers to avoid some of innovation's most toxic myths, how to build the right kind of team, and how to take their business to the next level in a fast-changing world. |
| 650 #0 - SUBJECT ADDED ENTRY--TOPICAL TERM |
| Topical term or geographic name as entry element |
CREATIVE THINKING |
| 9 (RLIN) |
4432 |
| 650 #0 - SUBJECT ADDED ENTRY--TOPICAL TERM |
| Topical term or geographic name as entry element |
STRATEGIC PLANNING |
| 9 (RLIN) |
3059 |
| 650 #0 - SUBJECT ADDED ENTRY--TOPICAL TERM |
| Topical term or geographic name as entry element |
DIFFUSION OF INNOVATIONS |
| 9 (RLIN) |
55 |
| 650 #0 - SUBJECT ADDED ENTRY--TOPICAL TERM |
| Topical term or geographic name as entry element |
TECHNOLOGICAL INNOVATIONS--MANAGEMENT |
| 9 (RLIN) |
4433 |
| 650 #0 - SUBJECT ADDED ENTRY--TOPICAL TERM |
| Topical term or geographic name as entry element |
MANAGEMENT |
| 9 (RLIN) |
412 |
| 650 #0 - SUBJECT ADDED ENTRY--TOPICAL TERM |
| Topical term or geographic name as entry element |
ORGANIZATIONAL CHANGE |
| 9 (RLIN) |
4434 |
| 650 #0 - SUBJECT ADDED ENTRY--TOPICAL TERM |
| Topical term or geographic name as entry element |
ORGANIZATIONAL INNOVATION |
| 9 (RLIN) |
4435 |
| 700 ## - ADDED ENTRY--PERSONAL NAME |
| Personal name |
Trimble, Chris |
| 9 (RLIN) |
4430 |
| Relator term |
author |
| 700 ## - ADDED ENTRY--PERSONAL NAME |
| Personal name |
Widjaja, Keny |
| 9 (RLIN) |
4431 |
| Relator term |
illustrator |
| 942 ## - ADDED ENTRY ELEMENTS (KOHA) |
| Source of classification or shelving scheme |
|
| Koha item type |
MONOGRAPH |